| 000 | 00640nam a22002177a 4500 | ||
|---|---|---|---|
| 005 | 20251108170515.0 | ||
| 008 | 250721s1998 xx 000 0 ara d | ||
| 082 | 1 | 4 | _a345.06/حجا |
| 100 | 1 | _aحجازي، مهند | |
| 245 | 1 | 0 | _aمن أحكام محكمة أمن الدولة / |
| 264 | _c1998. | ||
| 300 | _a174ص | ||
| 650 | 1 | 7 | _aالمحاكم |
| 650 | 1 | 7 | _aالقوانين و اللوائح |
| 650 | 1 | 7 | _aالإجراءات الجنائية |
| 650 | 1 | 7 | _aأمن الدولة |
| 650 | 1 | 7 | _aالمحاكم العسكرية |
| 650 | 1 | 7 | _aالمحاكم الجنائية الأردن |
| 942 |
_2ddc _cBK |
||
| 999 |
_c42171 _d42171 |
||